| Tag |
First Indicator |
Second Indicator |
Subfields |
| LEADER |
00000cam a2200000 a 4500 |
| 001 |
in00001467721 |
| 005 |
20151021052608.0 |
| 008 |
980513s1998 ilua 001 0 eng |
| 010 |
|
|
|a 98009937
|
| 020 |
|
|
|a 0793129621
|
| 035 |
|
|
|a (OCoLC)39157439
|
| 035 |
|
|
|9 AJE4763AM
|
| 040 |
|
|
|a DLC
|c DLC
|d TXA
|d UtOrBLW
|
| 049 |
|
|
|a TXAM
|
| 050 |
0 |
0 |
|a HG4538
|b .T466 1998
|
| 082 |
0 |
0 |
|a 332.67/3
|2 21
|
| 100 |
1 |
|
|a Thompson, Maurice K.
|
| 245 |
1 |
0 |
|a Common sense global investing /
|c Maurice K. Thompson.
|
| 246 |
1 |
8 |
|a Commonsense global investing
|
| 264 |
|
1 |
|a Chicago :
|b Dearborn Financial Publishing,
|c [1998]
|
| 264 |
|
4 |
|c ©1998
|
| 300 |
|
|
|a ix, 195 pages :
|b illustrations ;
|c 24 cm.
|
| 336 |
|
|
|a text
|b txt
|2 rdacontent
|
| 337 |
|
|
|a unmediated
|b n
|2 rdamedia
|
| 338 |
|
|
|a volume
|b nc
|2 rdacarrier
|
| 500 |
|
|
|a Includes index.
|
| 650 |
|
0 |
|a Investments, Foreign.
|
| 650 |
|
0 |
|a Portfolio management.
|
| 650 |
|
0 |
|a International finance.
|
| 856 |
7 |
|
|3 Table of contents
|u http://lcweb.loc.gov/catdir/toc/98-9937.html
|2 http
|t 0
|
| 948 |
|
|
|a C:BLW
|d 20040215
|
| 999 |
|
|
|a MARS
|
| 999 |
f |
f |
|s a449fa78-219b-3082-b9c5-181f7f6fde88
|i cb644c20-2bf2-3b1e-94f5-f7b85044ae2d
|t 0
|
| 952 |
f |
f |
|p ric
|a Texas A&M University
|b Rellis Campus
|c Joint Library Facility
|d Remote Storage
|t 0
|e HG4538 .T466 1998
|h Library of Congress classification
|i unmediated -- volume
|m A14824053446
|
| 998 |
f |
f |
|a HG4538 .T466 1998
|t 0
|l Remote Storage
|